000 01226cam a2200325 a 4500
001 14946942
005 20170208120739.0
008 070730s2008 flua b 001 0 eng
010 _a 2007031387
015 _aGBA773202
_2bnb
016 7 _a013888914
_2Uk
020 _a9781420063080 (hardback : alk. paper)
035 _a(OCoLC)ocn162126930
035 _a(OCoLC)162126930
_z(OCoLC)154683813
040 _aDLC
_cDLC
_dBAKER
_dBTCTA
_dUKM
_dC#P
_dYDXCP
_dDLC
050 0 0 _aTA174
_b.F26 2008
082 0 0 _a620.11
_222
_bFAR
100 1 _94601
_aFarag, Mahmoud M.,
_d1937-
245 1 0 _aMaterials and process selection for engineering design /
_cMahmoud M. Farag.
250 _a2nd ed.
260 _aBoca Raton :
_bCRC Press,
_cc2008.
300 _axix, 432 p. :
_bill. ;
_c24 cm.
504 _aIncludes bibliographical references and index.
650 0 _aEngineering design.
_94602
650 0 _aMaterials.
_94603
650 0 _aManufacturing processes.
_94604
856 4 2 _3Publisher description
_uhttp://www.loc.gov/catdir/enhancements/fy0810/2007031387-d.html
942 _2ddc
_cBB
999 _c11501
_d11501